000 04262nam a22006857a 4500
001 13573025
003 LIBRIS
005 20241105172311.0
006 m o d |
007 cr ||| |||||
008 121102s2012 xx a||||ob||||001 0|eng|d
020 _a9781118358139
020 _z9780470670880 (Print)
035 _a(OCoLC)787843759
035 _a(WaSeSS)ssj0000636222
035 _a(ALMA)9940264502336
035 _a(WaSeSS)ssj0000636222
035 _a(ALMA)993448176003662
035 _a(ALMA)9919271114305121
035 _a(EBZ)ebs1311538e
035 _a(ALMA)996955569303661
035 _a(ALMA)991000995131803211
035 _a(ALMA)999333829403663
035 _a(ALMA)9921372851504996
035 _a(ALMA)99271756702456
035 _a(WaSeSS)ssj0000636222
035 _a(EBZ)ebs1311538e
040 _aEBLCP
_beng
_cEBLCP
_dOCLCQ
_dMHW
_dYDXCP
_dCUS
_dTXA
_dDG1
_dOCLCA
_dOCLCQ
_dN$T
_ei
041 _aeng
050 4 _aRJ411
060 4 _aWS 39
072 7 _aHEA
_2bisacsh
072 7 _aMED
_2bisacsh
080 _a616-053.2
_bH-35
082 0 4 _a618.92/15
_223
084 _aVh
_2kssb/8 (machine generated)
100 1 _aHastings, Caroline,
_d1960-
245 1 0 _aHandbook of pediatric hematology and oncology
_h[Elektronisk resurs]
_bChildren's Hospital and Research Center Oakland /
_cCaroline A. Hastings, Joseph C. Torkildson, Anurag K. Agrawal.
250 _a2nd ed.
260 _aHoboken :
_bJohn Wiley & Sons,
_c2012
300 _a1 online resource (ix, 378 p.)
_bill.
365 _b69.10 usd
505 8 _aHandbook of Pediatric Hematology and Oncology: Children's Hospital & Research Center Oakland; Contents; Preface; Acknowledgments; 1 Approach to the Anemic Child; 2 Hemolytic Anemia; 3 Sickle Cell Disease; 4 Thalassemia; 5 Transfusion Medicine; 6 Chelation Therapy; 7 Approach to the Bleeding Child; 8 Von Willebrand Disease; 9 Hemophilia; 10 The Child with Thrombosis; 11 The Neutropenic Child; 12 Thrombocytopenia; 13 Evaluation of the Child with a Suspected Malignancy; 14 Oncologic Emergencies; 15 Acute Leukemias; 16 Central Nervous System Tumors; 17 Hodgkin and Non-Hodgkin Lymphoma; 18 Wilms Tumor19 Neuroblastoma; 20 Sarcomas of the Soft Tissues and Bone; 21 Germ Cell Tumors; 22 Rare Tumors of Childhood; 23 Histiocytic Disorders; 24 Hematopoietic Stem Cell Transplantation; 25 Supportive Care of the Child with Cancer; 26 Central Venous Catheters; 27 Management of Fever in the Child with Cancer; 28 Acute Pain Management in the Inpatient Setting; 29 Palliative Care; 30 Chemotherapy Basics; 31 Guide to Procedures; 32 Treatment of Chemotherapy Extravasations; Formulary; Index.
520 _aThis new edition of Handbook of Pediatric Hematology and Oncology: Children's Hospital & Research Center Oakland features practical guidance on how to handle common inpatient and outpatient challenges seen in pediatric hematology and oncology. Designed as a rapid reference to the latest diagnostic and therapeutic protocols, the text is short and didactic and supplemented with practical algorithms and case studies throughout. Completely revised and updated, there are brand-new chapters on subjects including bone marrow transplantation, pain management and palliative care. Comprehensive, yet concise, the handbook presents essential guidelines on the diagnosis and management of the most common pediatric blood disorders and malignancies, in addition to chemotherapeutic drug information and transfusion protocols.
588 _aDescription based on print version record.
650 0 _aPediatric hematology
_vHandbooks, manuals, etc.
650 0 _aTumors in children
_vHandbooks, manuals, etc.
650 1 2 _aChild.
650 1 2 _aHematologic Diseases
_vHandbooks.
650 2 2 _aNeoplasms
_vHandbooks.
650 7 _aHEALTH & FITNESS / Children's Health
_2bisacsh
650 7 _aMEDICAL / Pediatrics
_2bisacsh
653 _aპედიეტრია
653 _aმედიცინა
655 4 _aElectronic books.
700 1 _aTorkildson, Joseph C.
700 1 _aAgrawal, Anurag K.
_q(Anurag Kishor)
776 0 8 _iPrint
_aHastings, Caroline A.
_tHandbook of pediatric hematology and oncology
_dHoboken : John Wiley & Sons, c2012
_z9780470670880
942 _2udc
_cBK
999 _c320
_d320